000 00630nam a2200265Ia 4500
005 20260121161429.0
008 008 260114s9999 xx 000 0 eng d
020 _a9781351327329
037 _aEBOOK
040 _aCRL
040 _beng
040 _cCRL
041 _2eng
041 _aeng
084 _qCRL
100 _aEveryday Life
_91044683
245 0 _aJack D Douglas
260 _bTaylor and Francis
260 _c1970
650 _aSociology & Social Policy
_91044684
856 _uhttp://www.taylorfrancis.com/books/9781351327329
942 _cEBOOK
999 _c1610749
_d1610749